Comprehensive Textbook of Obstetrics and Gynecology (Record no. 157223)
[ view plain ]
| 000 -LEADER | |
|---|---|
| fixed length control field | 00375nam a2200133Ia 4500 |
| 008 - FIXED-LENGTH DATA ELEMENTS--GENERAL INFORMATION | |
| fixed length control field | 230411s9999 xx 000 0 und d |
| 041 ## - LANGUAGE CODE | |
| Language code of text/sound track or separate title | eng |
| 082 ## - DEWEY DECIMAL CLASSIFICATION NUMBER | |
| Classification number | OG/618.1/GUP/B07024 |
| 100 ## - MAIN ENTRY--PERSONAL NAME | |
| Personal name | Gupta Sadhana |
| 9 (RLIN) | 179340 |
| 245 ## - TITLE STATEMENT | |
| Title | Comprehensive Textbook of Obstetrics and Gynecology |
| 260 ## - PUBLICATION, DISTRIBUTION, ETC. (IMPRINT) | |
| Name of publisher, distributor, etc. | Jaypee Brothers |
| Place of publication, distribution, etc. | New Delhi |
| Date of publication, distribution, etc. | 2011 |
| 300 ## - PHYSICAL DESCRIPTION | |
| Extent | 664p |
| Withdrawn status | Lost status | Damaged status | Not for loan | Collection code | Home library | Current library | Date acquired | Vendor | Cost, normal purchase price | Bill number | Total Checkouts | Total Renewals | Full call number | Barcode | Date last seen | Date last checked out | Cost, replacement price | Bill Date | Koha item type | Original Barcode |
|---|---|---|---|---|---|---|---|---|---|---|---|---|---|---|---|---|---|---|---|---|
| Gynecology | Smt. Bakul Tambat Institute of Nursing Education | Smt. Bakul Tambat Institute of Nursing Education | 25/02/2012 | Jaypee Brothers Medical Publishers | 775.00 | 5363 | 6 | 1 | OG 618.1 GUP B07024 | BTIN-BK-7024 | 04/02/2026 | 30/01/2026 | 566.00 | 25/02/2012 | Books | B07024 |